000
00317nam a2200133Ia 4500
005
20260328101526.0
008
260328s9999||||xx |||||||||||||| ||und||
100
_a
Castillo, Encarna
245
0
_a
New Home Office Design /
_c
Encarna Castillo
260
_b
Daab
300
_a
189 p.
650
_a
VIVIENDA
942
_c
BK
999
_c
9791
_d
9791